Managing the global firm / (Record no. 18453)
[ view plain ]
| 000 -LEADER | |
|---|---|
| fixed length control field | 01140cam a22003135a 4500 |
| 001 - CONTROL NUMBER | |
| control field | 016161909 |
| 003 - CONTROL NUMBER IDENTIFIER | |
| control field | OSt |
| 005 - DATE AND TIME OF LATEST TRANSACTION | |
| control field | 20171025161100.0 |
| 008 - FIXED-LENGTH DATA ELEMENTS--GENERAL INFORMATION | |
| fixed length control field | 120820s2013 enk frb 001 0 eng d |
| 020 ## - INTERNATIONAL STANDARD BOOK NUMBER | |
| International Standard Book Number | 9780415639187 (hbk.) |
| 020 ## - INTERNATIONAL STANDARD BOOK NUMBER | |
| International Standard Book Number | 0415639182 (hbk.) |
| 020 ## - INTERNATIONAL STANDARD BOOK NUMBER | |
| International Standard Book Number | 9780415630092 (set) |
| 020 ## - INTERNATIONAL STANDARD BOOK NUMBER | |
| International Standard Book Number | 0415630096 (set) |
| 040 ## - CATALOGING SOURCE | |
| Original cataloging agency | StDuBDS |
| Language of cataloging | eng |
| Transcribing agency | StDuBDS |
| Modifying agency | EG-ScBUE |
| -- | EG-ScBUE |
| 082 04 - DEWEY DECIMAL CLASSIFICATION NUMBER | |
| Classification number | 658.049 |
| Item number | MAN |
| Edition number | 22 |
| 245 00 - TITLE STATEMENT | |
| Title | Managing the global firm / |
| Statement of responsibility, etc | edited by Christopher A. Bartlett, Yves Doz, Gunnar Hedlund. |
| 260 ## - PUBLICATION, DISTRIBUTION, ETC. (IMPRINT) | |
| Place of publication, distribution, etc | Oxon, United Kingdom ; |
| -- | London ; |
| -- | New York : |
| Name of publisher, distributor, etc | Routledge, |
| Date of publication, distribution, etc | 2013. |
| 300 ## - PHYSICAL DESCRIPTION | |
| Extent | xii, 363 p. ; |
| Dimensions | 24 cm. |
| 490 0# - Series Statement | |
| Series statement | Routledge Library Editions. |
| -- | International Business ; |
| Volume/sequential designation | 3 |
| 500 ## - GENERAL NOTE | |
| General note | Index : p. 354-363. |
| 504 ## - BIBLIOGRAPHY, ETC. NOTE | |
| Bibliography, etc | Includes bibliographical references. |
| 650 #7 - SUBJECT ADDED ENTRY--TOPICAL TERM | |
| Topical term or geographic name as entry element | International business enterprises |
| General subdivision | Management |
| Source of heading or term | BUEsh |
| 9 (RLIN) | 4507 |
| 651 ## - SUBJECT ADDED ENTRY--GEOGRAPHIC NAME | |
| Source of heading or term | BUEsh |
| 653 ## - INDEX TERM--UNCONTROLLED | |
| Resource For college | BAEPS, Business Administration |
| Arrived date list | October2014 |
| -- | October2017 |
| 655 ## - INDEX TERM--GENRE/FORM | |
| Form subdivision | Reading book |
| -- | 34232 |
| 700 1# - ADDED ENTRY--PERSONAL NAME | |
| Personal name | Bartlett, Christopher A., |
| Dates associated with a name | 1943- |
| Relator term | editor. |
| 9 (RLIN) | 36210 |
| 700 1# - ADDED ENTRY--PERSONAL NAME | |
| Personal name | Doz, Yves L. |
| Relator term | editor. |
| 9 (RLIN) | 36211 |
| 700 1# - ADDED ENTRY--PERSONAL NAME | |
| Personal name | Hedlund, Gunnar, |
| Dates associated with a name | 1949- |
| Relator term | editor. |
| 9 (RLIN) | 36212 |
| Withdrawn status | Item status | Source of classification or shelving scheme | Damaged status | Not for loan | Vendor | Home library | Current library | Shelving location | Date acquired | Source of acquisition | Cost, normal purchase price | Total Checkouts | Total Renewals | Full call number | Barcode | Date last seen | Date last borrowed | Cost, replacement price | Koha item type |
|---|---|---|---|---|---|---|---|---|---|---|---|---|---|---|---|---|---|---|---|
| Dewey Decimal Classification | AUC | Central Library | Central Library | First floor | 14/10/2014 | 850.00 | 1 | 25 | 658.049 MAN | 000036654 | 15/07/2025 | 14/10/2014 | 1062.50 | Book - Borrowing | |||||
| Dewey Decimal Classification | Central Library | Central Library | First floor | 14/10/2014 | 850.00 | 4 | 18 | 658.049 MAN | 000036659 | 15/07/2025 | 03/10/2018 | 1062.50 | Book - Borrowing | ||||||
| Dewey Decimal Classification | Baccah | Central Library | Central Library | First floor | 14/10/2014 | 850.00 | 1 | 658.049 MAN | 000036660 | 15/07/2025 | 10/12/2014 | 1062.50 | Book - Borrowing | ||||||
| Dewey Decimal Classification | Baccah | Central Library | Central Library | First floor | 25/10/2017 | Purchase | 1820.00 | 658.049 MAN | 000042242 | 15/07/2025 | Book - Borrowing | ||||||||
| Dewey Decimal Classification | Baccah | Central Library | Central Library | First floor | 25/10/2017 | Purchase | 1820.00 | 1 | 11 | 658.049 MAN | 000042243 | 15/07/2025 | 04/01/2018 | Book - Borrowing |